Mitos, cuentos y leyendas de Latinoamérica y el Caribe

Αποθηκεύτηκε σε:
Λεπτομέρειες βιβλιογραφικής εγγραφής
Μορφή: Βιβλίο
Γλώσσα:Ισπανικά
Έκδοση: Bogotá Babel Libros 2007
Έκδοση:1a. ed
Σειρά:Colección Latinoamericana, 25
Θέματα:
Ετικέτες: Προσθήκη ετικέτας
Δεν υπάρχουν, Καταχωρήστε ετικέτα πρώτοι!

MARC

LEADER 00000nam a2200000 a 4500
001 UCI8691
003 CL-VaPUC
008 080922e20070000CK |||||||||||||||||spa|d
020 |a 9789589827307 
082 0 4 |a 398.2098  |b MIT  |2 21 
245 1 0 |a Mitos, cuentos y leyendas de Latinoamérica y el Caribe 
250 |a 1a. ed 
300 |a 95 p 
942 |c BK 
945 |d 20080922 00:00:00  |a jtorresc 
260 |a Bogotá  |b Babel Libros  |c 2007 
500 |a Incluye Cd-rom 
650 0 |a Cuentos latinoamericanos  |9 317166 
650 0 |a Literatura latinoamericana  |9 309997 
583 |a last modification  |c 20080922 00:00:00  |k Rodrigo Vera 
490 0 |a Colección Latinoamericana, 25 
999 |c 331501  |d 331499 
952 |0 0  |1 0  |4 0  |6 398_209800000000000_MIT_2007  |7 0  |8 A  |9 418216  |a BIBEDU  |b BIBEDU  |d 2019-11-22  |i 4482042  |o 398.2098 MIT 2007  |p 4482042  |r 2019-11-22  |w 2019-11-22  |y BK  |k LIT